[Event "IX American Continental Classical Championship 201"]
[Site "Hotel Pipa AtlÃ¢ntico - Praia da Pipa - Rio Grande"]
[Date "2014.10.23"]
[Round "8"]
[Board "42"]
[White "Santos Filho, Tadeu Sousa"]
[Black "Souza Neves, Andrey M."]
[Result "1-0"]
[WhiteElo "2074"]
[BlackElo "2173"]
[PlyCount "67"]
[EventDate "2014.10.18"]
[EventRounds "11"]
[EventCountry "BRA"]

1. e4 d5 2. exd5 Nf6 3. Nf3 Nxd5 4. c4 Nb6 5. d4 g6 6. h3 Bg7 7. Be2 O-O 8. O-O
c5 9. d5 e6 10. Nc3 exd5 11. cxd5 Na6 12. Be3 Qd6 13. Qd2 Nb4 14. Bf4 Qd8 15.
d6 Be6 16. a3 N4d5 17. Bg3 Nxc3 18. bxc3 f6 19. Qe3 Qc8 20. a4 Re8 21. Qd2 Nd7
22. Rfe1 Bf7 23. Bb5 a6 24. Rxe8+ Qxe8 25. Re1 Qd8 26. Bxd7 Qxd7 27. Re7 Qc8
28. Rc7 Qf5 29. Rxb7 Rd8 30. Qe2 Bd5 31. Rxg7+ Kxg7 32. Qe7+ Kh6 33. Qxd8 Bxf3
34. gxf3 1-0

[Event "IX American Continental Classical Championship 201"]
[Site "Hotel Pipa AtlÃ¢ntico - Praia da Pipa - Rio Grande"]
[Date "2014.10.23"]
[Round "8"]
[Board "43"]
[White "Da Silva, Izael Brasilino Arau"]
[Black "Januario, Severino Pereira"]
[Result "0-1"]
[WhiteElo "1857"]
[BlackElo "2171"]
[PlyCount "96"]
[EventDate "2014.10.18"]
[EventRounds "11"]
[EventCountry "BRA"]

1. e4 c5 2. Nf3 e6 3. d4 cxd4 4. Nxd4 a6 5. Nc3 Qc7 6. Be3 Nf6 7. Be2 d6 8. f4
Nbd7 9. Nb3 b5 10. a3 Bb7 11. Qd3 Nb6 12. Na5 Bc8 13. Rd1 Be7 14. O-O O-O 15.
Bf3 Nfd7 16. b4 Rb8 17. Ne2 Nc4 18. Nxc4 bxc4 19. Qd2 Bb7 20. Nc3 Rfd8 21. Bf2
Ba8 22. g4 Bf8 23. g5 g6 24. Bg4 Bg7 25. Bd4 e5 26. fxe5 Nxe5 27. Bh3 Qe7 28.
Qf4 Nd3 29. Rxd3 cxd3 30. Bxg7 Kxg7 31. cxd3 Rf8 32. Ne2 a5 33. Ng3 Qe5 34. Qh4
Kh8 35. Rf6 Qd4+ 36. Kg2 Qxd3 37. Rf4 d5 38. Nf5 Qe2+ 39. Kg1 gxf5 40. Bxf5 h5
41. Bg4 Qe3+ 42. Rf2 Qxe4 43. Qxh5+ Qh7 44. Qxh7+ Kxh7 45. Rf6 axb4 46. h4 bxa3
47. h5 a2 48. Bf5+ Kg7 0-1

[Event "IX American Continental Classical Championship 201"]
[Site "Hotel Pipa AtlÃ¢ntico - Praia da Pipa - Rio Grande"]
[Date "2014.10.23"]
[Round "8"]
[Board "44"]
[White "Martins, George Evandro Barret"]
[Black "Okamura, Milton Kasuo"]
[Result "0-1"]
[WhiteElo "2276"]
[BlackElo "2085"]
[PlyCount "52"]
[EventDate "2014.10.18"]
[EventRounds "11"]
[EventCountry "BRA"]

1. f4 Nf6 2. Nf3 e6 3. e3 c5 4. b3 Be7 5. Bb2 O-O 6. Bd3 d6 7. Nc3 b6 8. Qe2
Bb7 9. O-O-O a6 10. g4 Nc6 11. a3 b5 12. Rdg1 b4 13. Nb1 bxa3 14. Bxa3 Nb4 15.
Bxb4 cxb4 16. h4 a5 17. Kd1 a4 18. bxa4 Rxa4 19. Ke1 Qa8 20. Rh3 Ra1 21. Kf2
Ne4+ 22. Kg2 Qa2 23. Rhh1 Ra8 24. Bxe4 Bxe4 25. d3 Bb7 26. Kf2 Qb2 0-1

[Event "IX American Continental Classical Championship 201"]
[Site "Hotel Pipa AtlÃ¢ntico - Praia da Pipa - Rio Grande"]
[Date "2014.10.23"]
[Round "8"]
[Board "45"]
[White "Beckerman, M."]
[Black "Alarcon Bahamondes, Roberto"]
[Result "0-1"]
[WhiteElo "2019"]
[BlackElo "2276"]
[PlyCount "122"]
[EventDate "2014.10.18"]
[EventRounds "11"]
[EventCountry "BRA"]

1. e4 c6 2. Nf3 g6 3. d4 Bg7 4. c4 d5 5. e5 Nh6 6. h3 O-O 7. Nc3 b6 8. Bf4 f6
9. Rc1 fxe5 10. Bxe5 Bxe5 11. Nxe5 e6 12. Qd2 Nf5 13. cxd5 exd5 14. Be2 Bb7 15.
O-O Nd7 16. Bf3 Nxe5 17. dxe5 Qe7 18. Rfe1 Rad8 19. a3 Ng7 20. Bg4 h5 21. Bd1
Ne6 22. Re3 Qg5 23. h4 Qf4 24. g3 Qh6 25. Rd3 Qg7 26. f4 Nc5 27. Rd4 Ba6 28.
Qc2 Bc8 29. Bf3 Bf5 30. Qd1 Qe7 31. b4 Ne6 32. Rd2 a6 33. Ne2 Rc8 34. Nd4 Nxd4
35. Rxd4 Kg7 36. Rc3 Be6 37. Rd2 Qd7 38. Qa4 Qb7 39. Be2 b5 40. Qd1 a5 41. Qf1
axb4 42. axb4 Qa7+ 43. Kh2 Rc7 44. Qg1 Bd7 45. Rc5 Rfc8 46. Qd4 Be6 47. Qc3 Kh6
48. Kg2 Bf5 49. Kf2 Rd8 50. Qd4 Qb7 51. Rd1 Rcc8 52. Rdc1 Qd7 53. Ke3 Be4 54.
Bf3 Qh3 55. Rg1 Qh2 56. Rg2 Qh1 57. Qd2 Ra8 58. Bxe4 dxe4 59. Qf2 Ra3+ 60. Kxe4
Qb1+ 61. Qc2 Qxb4+ 0-1

[Event "IX American Continental Classical Championship 201"]
[Site "Hotel Pipa AtlÃ¢ntico - Praia da Pipa - Rio Grande"]
[Date "2014.10.23"]
[Round "8"]
[Board "46"]
[White "Magas Varas, Rodrigo"]
[Black "Araujo, Jose Roberto"]
[Result "1-0"]
[WhiteElo "2041"]
[BlackElo "2205"]
[PlyCount "83"]
[EventDate "2014.10.18"]
[EventRounds "11"]
[EventCountry "BRA"]

1. e4 c5 2. Nf3 d6 3. d4 cxd4 4. Nxd4 Nf6 5. Nc3 a6 6. f3 Qb6 7. Nb3 e5 8. Qe2
Be6 9. Be3 Qc7 10. O-O-O Be7 11. g4 O-O 12. h4 Nbd7 13. h5 Nb6 14. g5 Nfd7 15.
Nd5 Nxd5 16. exd5 Bf5 17. Bh3 Bxh3 18. Rxh3 Rfc8 19. Kb1 a5 20. Qd3 Qc4 21.
Qxc4 Rxc4 22. Nd2 Rcc8 23. Ne4 b5 24. b3 a4 25. f4 exf4 26. Bxf4 Ra6 27. Rd4
Rca8 28. Rb4 axb3 29. axb3 f5 30. Ng3 Ra1+ 31. Kb2 R1a2+ 32. Kb1 Nf6 33. Rxb5
Ra1+ 34. Kb2 R1a2+ 35. Kc1 Rc8 36. Rh2 Ng4 37. Nxf5 Bf8 38. Re2 Ne5 39. Bxe5
dxe5 40. d6 Rd8 41. Rbxe5 Ra6 42. g6 1-0

[Event "IX American Continental Classical Championship 201"]
[Site "Hotel Pipa AtlÃ¢ntico - Praia da Pipa - Rio Grande"]
[Date "2014.10.23"]
[Round "8"]
[Board "47"]
[White "Ibar, Marcelo"]
[Black "Rothebarth, Ana Vitoria De Pau"]
[Result "1/2-1/2"]
[WhiteElo "2155"]
[BlackElo "2042"]
[PlyCount "66"]
[EventDate "2014.10.18"]
[EventRounds "11"]
[EventCountry "BRA"]

1. e4 e5 2. Nf3 Nc6 3. Bb5 a6 4. Ba4 Nf6 5. d4 b5 6. Bb3 exd4 7. e5 Ne4 8. Nxd4
Nxd4 9. Qxd4 Bb7 10. Bd5 Nc5 11. Bxb7 Nxb7 12. O-O Bc5 13. Qg4 Kf8 14. Nc3 d6
15. e6 c6 16. Qf3 Qc7 17. Ne4 Re8 18. Nxc5 Nxc5 19. exf7 Re7 20. Bf4 Rxf7 21.
Rad1 Nb7 22. Qg3 Rf6 23. Rfe1 h6 24. Qg4 Kf7 25. Re3 Qc8 26. Qh4 Qf5 27. Bg3
Re8 28. Rc3 Re4 29. Qh3 Qxh3 30. gxh3 d5 31. Rcd3 Nc5 32. Rd4 Re2 33. R4d2 Re4
 1/2-1/2

[Event "IX American Continental Classical Championship 201"]
[Site "Hotel Pipa AtlÃ¢ntico - Praia da Pipa - Rio Grande"]
[Date "2014.10.23"]
[Round "8"]
[Board "48"]
[White "Araujo, Vitor Angelo Lima"]
[Black "Pinto, Carlos Henrique Lopes"]
[Result "1/2-1/2"]
[WhiteElo "1840"]
[BlackElo "2116"]
[PlyCount "106"]
[EventDate "2014.10.18"]
[EventRounds "11"]
[EventCountry "BRA"]

1. d4 Nf6 2. c4 g6 3. Nc3 Bg7 4. e4 d6 5. f3 c6 6. Be3 a6 7. Bd3 b5 8. a3 Nbd7
9. cxb5 cxb5 10. Nge2 Nb6 11. O-O O-O 12. b3 Bb7 13. Qd2 Re8 14. Rfd1 Rc8 15.
Rac1 Nfd7 16. Bb1 e6 17. Na2 Qe7 18. Rxc8 Rxc8 19. Rc1 Qd8 20. Nb4 Bf8 21. Rxc8
Qxc8 22. Qc1 Qxc1+ 23. Bxc1 f6 24. Nd3 d5 25. e5 fxe5 26. dxe5 a5 27. Nd4 Nc5
28. Kf1 Nbd7 29. Nxc5 Nxc5 30. Bd2 b4 31. axb4 axb4 32. Bxb4 Nxb3 33. Bxf8 Nxd4
34. Bd6 Ba6+ 35. Ke1 Nb5 36. Bb4 Na7 37. f4 Nc6 38. Bd2 Kf7 39. Bc2 Bb5 40. Bd1
Nd4 41. Be3 Nf5 42. Bf2 Ne7 43. Be2 Bxe2 44. Kxe2 Nc6 45. Bc5 g5 46. g3 gxf4
47. gxf4 Kg6 48. Kf3 Kf5 49. Be3 Na5 50. Bf2 Nc4 51. h3 Nd2+ 52. Ke3 Nb3 53.
Bg3 Nc5 {resto ilegÃ­vel} 1/2-1/2

[Event "IX American Continental Classical Championship 201"]
[Site "Hotel Pipa AtlÃ¢ntico - Praia da Pipa - Rio Grande"]
[Date "2014.10.23"]
[Round "8"]
[Board "49"]
[White "Arango, Andres Mauricio"]
[Black "Santos, Sidclay Souza"]
[Result "1-0"]
[WhiteElo "2111"]
[BlackElo "2007"]
[PlyCount "75"]
[EventDate "2014.10.18"]
[EventRounds "11"]
[EventCountry "BRA"]

1. e4 e6 2. d4 d5 3. Nd2 Nf6 4. e5 Nfd7 5. c3 c5 6. Bd3 Nc6 7. Ne2 cxd4 8. cxd4
f6 9. exf6 Nxf6 10. O-O Bd6 11. Nf3 Qc7 12. Nc3 a6 13. Bg5 O-O 14. Bh4 Nh5 15.
Bg3 Nf4 16. Bc2 g6 17. Rc1 Nh5 18. Re1 Bf4 19. Ne2 Nxg3 20. Nxf4 Qxf4 21. hxg3
Qf6 22. Ba4 Bd7 23. Bxc6 Bxc6 24. Qe2 Rfe8 25. Qe5 Qxe5 26. Nxe5 Rac8 27. Rc3
Re7 28. Rec1 Rec7 29. b4 Kf8 30. a4 Ke7 31. b5 axb5 32. axb5 Kd6 33. bxc6 bxc6
34. f4 g5 35. Kf2 h5 36. Ke3 Rf8 37. Rxc6+ Rxc6 38. Rxc6+ 1-0

[Event "IX American Continental Classical Championship 201"]
[Site "Hotel Pipa AtlÃ¢ntico - Praia da Pipa - Rio Grande"]
[Date "2014.10.23"]
[Round "8"]
[Board "50"]
[White "Araujo, Sergio Murilo"]
[Black "Moccero, Eduardo"]
[Result "1/2-1/2"]
[WhiteElo "2109"]
[BlackElo "1997"]
[PlyCount "38"]
[EventDate "2014.10.18"]
[EventRounds "11"]
[EventCountry "BRA"]

1. c4 Nc6 2. Nc3 Nf6 3. Nf3 d5 4. cxd5 Nxd5 5. e4 Nxc3 6. bxc3 e5 7. Bb5 Bd6 8.
O-O O-O 9. d4 Qe7 10. Qd3 a6 11. Ba4 Kh8 12. Bxc6 bxc6 13. dxe5 Bxe5 14. Nxe5
Qxe5 15. Ba3 Re8 16. f4 Qa5 17. Bc1 Be6 18. f5 Rad8 19. Qf3 Bc4 1/2-1/2

[Event "IX American Continental Classical Championship 201"]
[Site "Hotel Pipa AtlÃ¢ntico - Praia da Pipa - Rio Grande"]
[Date "2014.10.23"]
[Round "8"]
[Board "51"]
[White "Abdalla, Jose Lucas Aurelli"]
[Black "Haskin, Zachary J"]
[Result "1/2-1/2"]
[WhiteElo "2100"]
[BlackElo "1976"]
[PlyCount "82"]
[EventDate "2014.10.18"]
[EventRounds "11"]
[EventCountry "BRA"]

1. e4 e6 2. d3 d5 3. Nd2 Nf6 4. Ngf3 b6 5. g3 dxe4 6. dxe4 Bb7 7. Qe2 Be7 8.
Bg2 O-O 9. O-O c5 10. e5 Nfd7 11. Rd1 Qc7 12. Nf1 Nc6 13. Bf4 Rfd8 14. h4 Nf8
15. h5 Rxd1 16. Rxd1 Rd8 17. Ne3 Rxd1+ 18. Qxd1 Qd8 19. Qxd8 Bxd8 20. Nc4 Bc7
21. c3 Nd7 22. h6 b5 23. Nd6 Bxd6 24. exd6 f6 25. Nd2 Nd8 26. Bh3 Bd5 27. b3 g6
28. c4 Bc6 29. cxb5 Bxb5 30. Be3 Bc6 31. Nc4 Bd5 32. Nb2 Kf7 33. Nd3 Nb7 34.
Nf4 f5 35. Nd3 Be4 36. Nb2 Nxd6 37. Na4 Nb7 38. Bf1 Bc6 39. Ba6 e5 40. Bc4+ Kf8
41. Be6 a6 1/2-1/2

[Event "IX American Continental Classical Championship 201"]
[Site "Hotel Pipa AtlÃ¢ntico - Praia da Pipa - Rio Grande"]
[Date "2014.10.23"]
[Round "8"]
[Board "52"]
[White "Manzi, Luiz Antonio Bardaro"]
[Black "Cabezas Rojas, Bastian"]
[Result "1/2-1/2"]
[WhiteElo "2092"]
[BlackElo "1942"]
[PlyCount "109"]
[EventDate "2014.10.18"]
[EventRounds "11"]
[EventCountry "BRA"]

1. Nf3 Nf6 2. g3 g6 3. Bg2 Bg7 4. O-O O-O 5. d4 d5 6. c4 c6 7. Nc3 Bf5 8. Qb3
Qb6 9. Qxb6 axb6 10. cxd5 Nxd5 11. Nxd5 cxd5 12. Bf4 Nc6 13. e3 Be4 14. a3 Rfc8
15. Rac1 f6 16. g4 e5 17. dxe5 fxe5 18. Bg3 d4 19. exd4 Nxd4 20. Rxc8+ Rxc8 21.
Ng5 Ne2+ 22. Kh1 Bxg2+ 23. Kxg2 h6 24. Ne4 Rc2 25. Rd1 Nd4 26. Rd2 Rxd2 27.
Nxd2 b5 28. Ne4 Kf7 29. Nd6+ Ke6 30. Nxb7 Kd5 31. f3 Kc4 32. Na5+ Kd3 33. b3
Kc2 34. Be1 Bf8 35. a4 b4 36. Nc4 Nc6 37. Nd2 Bc5 38. h4 Be3 39. Nc4 Bd4 40.
Bxb4 Nxb4 41. Nd6 Nd5 42. a5 Kxb3 43. a6 Nc7 44. h5 gxh5 45. gxh5 Nxa6 46. Nf7
Be3 47. Nxe5 Kc3 48. Kg3 Nc5 49. Ng4 Kd4 50. Nxe3 Kxe3 51. Kg4 Ne6 52. Kf5 Kxf3
53. Kg6 Nf4+ 54. Kxh6 Nxh5 55. Kxh5 1/2-1/2

[Event "IX American Continental Classical Championship 201"]
[Site "Hotel Pipa AtlÃ¢ntico - Praia da Pipa - Rio Grande"]
[Date "2014.10.23"]
[Round "8"]
[Board "54"]
[White "Serafim Junior, Arnor"]
[Black "Parente, Renan Braz"]
[Result "0-1"]
[WhiteElo "1811"]
[BlackElo "2071"]
[PlyCount "52"]
[EventDate "2014.10.18"]
[EventRounds "11"]
[EventCountry "BRA"]

1. c4 Nf6 2. g3 g6 3. Bg2 Bg7 4. Nc3 O-O 5. Nf3 d6 6. O-O c5 7. d4 cxd4 8. Nxd4
Qa5 9. e4 Nc6 10. h3 Nxd4 11. Qxd4 Be6 12. Qd3 Rac8 13. Nd5 Nxd5 14. cxd5 Bd7
15. Qb3 Bb5 16. Bd2 Qxd2 17. Qxb5 Qxb2 18. Qd7 Rc2 19. Rab1 Qxa2 20. Qxb7 Bd4
21. Kh1 Rxf2 22. Rxf2 Qxf2 23. Qxe7 Qxg3 24. Qd7 Be5 25. Kg1 Qh2+ 26. Kf1 Bd4
 0-1

[Event "IX American Continental Classical Championship 201"]
[Site "Hotel Pipa AtlÃ¢ntico - Praia da Pipa - Rio Grande"]
[Date "2014.10.23"]
[Round "8"]
[Board "55"]
[White "Hernandez Amura, Gilberto"]
[Black "Reis, Virginia Lagrange M."]
[Result "1/2-1/2"]
[WhiteElo "2061"]
[BlackElo "1852"]
[PlyCount "121"]
[EventDate "2014.10.18"]
[EventRounds "11"]
[EventCountry "BRA"]

1. e4 c5 2. Nf3 Nc6 3. Bb5 g6 4. O-O Bg7 5. c3 d6 6. Re1 Bd7 7. h3 Nf6 8. d3
O-O 9. Nbd2 a6 10. Ba4 b5 11. Bc2 Qc7 12. Nf1 Rfe8 13. Bg5 b4 14. Rc1 bxc3 15.
bxc3 Be6 16. Bb3 Bxb3 17. Qxb3 Reb8 18. Qa4 Nd7 19. Ne3 e6 20. d4 Nb6 21. Qa3
Nd7 22. Bh4 Qa5 23. Qxa5 Nxa5 24. Be7 Rb6 25. Rb1 Bf8 26. Rxb6 Nxb6 27. Bxf8
Kxf8 28. Rb1 Nd7 29. g4 h6 30. Nd2 Rb8 31. Rxb8+ Nxb8 32. f4 cxd4 33. cxd4 Ke7
34. Kf2 Nbc6 35. d5 Nb4 36. dxe6 fxe6 37. a3 Nd3+ 38. Kf3 Nc6 39. Nc2 Nc5 40.
h4 Kf6 41. g5+ hxg5 42. hxg5+ Kf7 43. Nc4 d5 44. Nd6+ Ke7 45. e5 Nd7 46. Ke3 a5
47. Nd4 Ncxe5 48. fxe5 Nxe5 49. N4b5 Nc6 50. Nc8+ Kd7 51. Nb6+ Ke7 52. Nd4 Ne5
53. Kf4 Nf7 54. Nc6+ Kd6 55. Nxa5 e5+ 56. Kg4 Kc5 57. Nd7+ Kb5 58. Nb7 Ka4 59.
Nf8 Kxa3 60. Nxg6 Nxg5 61. Nxe5 1/2-1/2

[Event "IX American Continental Classical Championship 201"]
[Site "Hotel Pipa AtlÃ¢ntico - Praia da Pipa - Rio Grande"]
[Date "2014.10.23"]
[Round "8"]
[Board "58"]
[White "Freitas, Remulo Aguiar"]
[Black "Leitao, Nicolau"]
[Result "0-1"]
[WhiteElo "1944"]
[BlackElo "2138"]
[PlyCount "78"]
[EventDate "2014.10.18"]
[EventRounds "11"]
[EventCountry "BRA"]

1. d4 Nf6 2. e3 e6 3. Bd3 b6 4. f4 Bb7 5. Nf3 Be7 6. O-O d6 7. b3 O-O 8. Qe2 c5
9. Bb2 Nbd7 10. Nbd2 cxd4 11. exd4 Nd5 12. Ne1 Nb4 13. f5 Nxd3 14. Nxd3 e5 15.
dxe5 dxe5 16. Ne4 f6 17. Rad1 Qc7 18. c4 Rfd8 19. Qg4 Nc5 20. Ndf2 Rxd1 21.
Rxd1 Rd8 22. Rxd8+ Qxd8 23. h4 Nxe4 24. Nxe4 Qd3 25. Ng3 Qb1+ 26. Kh2 Qxb2 27.
Nh5 Bf8 28. Nxf6+ Kh8 29. Ne8 Qd4 30. Qg5 Qf4+ 31. Qxf4 exf4 32. Kh3 Bc6 33.
Nc7 Bd7 34. Kg4 g6 35. Ne6 gxf5+ 36. Kxf5 Bxe6+ 37. Kxe6 Kg7 38. Kf5 Bd6 39.
Ke6 Bc5 0-1

[Event "IX American Continental Classical Championship 201"]
[Site "Hotel Pipa AtlÃ¢ntico - Praia da Pipa - Rio Grande"]
[Date "2014.10.23"]
[Round "8"]
[Board "59"]
[White "De Lima, Carlos Alexandre"]
[Black "Besso, Guadalupe"]
[Result "1/2-1/2"]
[WhiteElo "2094"]
[BlackElo "1947"]
[PlyCount "160"]
[EventDate "2014.10.18"]
[EventRounds "11"]
[EventCountry "BRA"]

1. e4 c5 2. Nf3 Nc6 3. d4 cxd4 4. Nxd4 Nf6 5. Nc3 e5 6. Ndb5 d6 7. Bg5 a6 8.
Na3 b5 9. Nd5 Be7 10. Bxf6 Bxf6 11. c3 O-O 12. Nc2 Bg5 13. h4 Bh6 14. g4 f6 15.
Nde3 Ne7 16. Qf3 Bb7 17. O-O-O Qb6 18. Kb1 Qc5 19. Nf5 Nxf5 20. Qxf5 Qc8 21.
Qf3 Bf4 22. Rxd6 f5 23. gxf5 Qxf5 24. Bg2 Qc8 25. Rhd1 Bg5 26. Qg3 Bf4 27. Qd3
Qg4 28. Bh3 Qxh4 29. Be6+ Kh8 30. Bd5 Bxd5 31. Qxd5 h6 32. Qc5 Rad8 33. Nb4 Bg5
34. Rxd8 Rxd8 35. Rxd8+ Bxd8 36. Qxe5 Bf6 37. Qf5 Qh1+ 38. Kc2 Qf1 39. Qf3 a5
40. Nd3 b4 41. e5 Be7 42. cxb4 axb4 43. e6 Kh7 44. Kb3 Qb1 45. Qe2 Qh1 46. Nf4
Kg8 47. Qd3 Qc6 48. Qd5 Qxd5+ 49. Nxd5 Bd6 50. Kc4 h5 51. Kd3 h4 52. Ke2 h3 53.
Kf1 h2 54. Kg2 g5 55. Ne3 Kf8 56. Nf5 Be5 57. b3 Ke8 58. Ne3 Bd6 59. Nd5 Kf8
60. e7+ Kf7 61. Ne3 Bxe7 62. Kxh2 Ke6 63. Kg3 Ke5 64. Kf3 Bd8 65. Nc2 Be7 66.
Kg4 Ke4 67. Nxb4 Bxb4 68. Kxg5 Kd3 69. Kf4 Kc2 70. Ke4 Kb2 71. Kd3 Kxa2 72. Kc4
Bd6 73. b4 Kb2 74. b5 Kc2 75. Kd5 Bf4 76. Ke4 Bc7 77. f4 Kb3 78. f5 Kc4 79. f6
Kxb5 80. Kd5 Bd8 1/2-1/2

[Event "IX American Continental Classical Championship 201"]
[Site "Hotel Pipa AtlÃ¢ntico - Praia da Pipa - Rio Grande"]
[Date "2014.10.23"]
[Round "8"]
[Board "60"]
[White "Ramos, Angelo Bil"]
[Black "Ribeiro , Allysson"]
[Result "0-1"]
[WhiteElo "2093"]
[BlackElo "1926"]
[PlyCount "120"]
[EventDate "2014.10.18"]
[EventRounds "11"]
[EventCountry "BRA"]

1. e4 e6 2. d4 d5 3. Nd2 c5 4. exd5 Qxd5 5. Ngf3 cxd4 6. Bc4 Qd6 7. Qe2 Nf6 8.
Nb3 Nc6 9. Bg5 Be7 10. O-O-O O-O 11. Nbxd4 Nxd4 12. Rxd4 Qc7 13. Rhd1 h6 14.
Bf4 Qa5 15. Ne5 Nd5 16. Bd2 Qc7 17. Rg4 Bf6 18. f4 a5 19. Qe4 Ne7 20. Rg3 Nf5
21. Rd3 Rb8 22. Bb3 b5 23. a3 Bb7 24. Qe2 b4 25. a4 Ba6 26. Qe4 Bxd3 27. Nxd3
Nd4 28. Kb1 Nxb3 29. cxb3 Rbd8 30. Be3 Rd5 31. Rc1 Qd8 32. Ne5 Bxe5 33. fxe5
Rd1 34. Bxh6 Qd3+ 35. Qxd3 Rxd3 36. Bf4 Rfd8 37. Rc5 Rd1+ 38. Kc2 R1d5 39. Rxd5
Rxd5 40. h4 f6 41. exf6 gxf6 42. g3 Kf7 43. Be3 f5 44. h5 f4 45. gxf4 Rxh5 46.
Kd3 Rd5+ 47. Ke4 Ke7 48. Bd4 Kd6 49. Kd3 Kc6 50. Kc4 Rh5 51. Be5 Rh1 52. Bf6
Rf1 53. Be5 Re1 54. Kd4 Rc1 55. Bf6 Rc2 56. Kd3 Rc1 57. Kd4 Re1 58. Be5 Re2 59.
Bf6 Rxb2 60. Bd8 Rd2+ 0-1

[Event "IX American Continental Classical Championship 201"]
[Site "Hotel Pipa AtlÃ¢ntico - Praia da Pipa - Rio Grande"]
[Date "2014.10.23"]
[Round "8"]
[Board "61"]
[White "Zimmermann, Kleber Renato P."]
[Black "Bastos, Werton Alvarenga"]
[Result "0-1"]
[WhiteElo "1938"]
[BlackElo "2071"]
[PlyCount "118"]
[EventDate "2014.10.18"]
[EventRounds "11"]
[EventCountry "BRA"]

1. d4 Nf6 2. c4 e5 3. dxe5 Ng4 4. Bf4 Nc6 5. Nf3 Bb4+ 6. Nc3 Qe7 7. Qd5 Bxc3+
8. bxc3 f6 9. exf6 Nxf6 10. Qd1 Ne4 11. g3 Nxc3 12. Qd3 Ne4 13. Bg2 Nb4 14. Qd1
d6 15. Be3 Be6 16. Qa4+ Nc6 17. Nd4 Bd7 18. Nb5 Rc8 19. Qc2 Nf6 20. O-O O-O 21.
Nc3 b6 22. Nd5 Qe8 23. h4 Ne5 24. Nxf6+ Rxf6 25. Bb7 Rb8 26. Be4 h6 27. Bd5+
Be6 28. Bd4 Bxd5 29. cxd5 Rf7 30. f4 Ng4 31. e4 Re7 32. Rfe1 Qg6 33. Qg2 Rbe8
34. e5 dxe5 35. fxe5 Nxe5 36. Bxe5 Rxe5 37. Rxe5 Rxe5 38. Rf1 Qd3 39. Qf2 Qxd5
40. Qf8+ Kh7 41. Qf2 Qc5 42. Qxc5 Rxc5 43. Rf2 Kg8 44. Kg2 b5 45. Kh3 h5 46.
Re2 Kf7 47. Re3 a5 48. Rf3+ Ke6 49. Re3+ Re5 50. Rc3 c5 51. a4 b4 52. Rc4 Kd5
53. Rc1 c4 54. Rd1+ Kc5 55. Rd8 b3 56. Rb8 Kd4 57. Rb6 Kc3 58. Rb8 Kc2 59. Rb6
b2 0-1

[Event "IX American Continental Classical Championship 201"]
[Site "Hotel Pipa AtlÃ¢ntico - Praia da Pipa - Rio Grande"]
[Date "2014.10.23"]
[Round "8"]
[Board "62"]
[White "Quaranta Neto, Francisco"]
[Black "Rocha, Vitor Firmo De Souza"]
[Result "1/2-1/2"]
[WhiteElo "1933"]
[BlackElo "2041"]
[PlyCount "102"]
[EventDate "2014.10.18"]
[EventRounds "11"]
[EventCountry "BRA"]

1. e4 e6 2. d4 d5 3. Nd2 Nc6 4. Ngf3 Nf6 5. e5 Nd7 6. c3 Be7 7. Bd3 f6 8. exf6
Bxf6 9. Qc2 e5 10. dxe5 Ndxe5 11. Bxh7 Qd6 12. Bg6+ Kf8 13. Bf5 Nxf3+ 14. Nxf3
Bxf5 15. Qxf5 Re8+ 16. Be3 g6 17. Qd3 d4 18. cxd4 Nxd4 19. O-O-O Nxf3 20. Qxd6+
cxd6 21. gxf3 Rc8+ 22. Kb1 Rc6 23. Bf4 Be7 24. Rc1 Kf7 25. Rhd1 Rhc8 26. Rxc6
bxc6 27. Rd3 d5 28. Rb3 Bc5 29. Rb7+ Kf6 30. Bg3 Re8 31. Rc7 Re6 32. Kc2 Bb6
33. Rd7 d4 34. Kd3 c5 35. a3 Re1 36. Kd2 Ba5+ 37. Kd3 Rd1+ 38. Kc2 Rd2+ 39. Kc1
d3 40. Rxa7 Rc2+ 41. Kb1 Bd2 42. Rd7 Rc1+ 43. Ka2 c4 44. a4 g5 45. Bc7 Bb4 46.
a5 Ke6 47. Rd8 Be7 48. Rd4 Bc5 49. Rd8 Be7 50. Rd4 Bc5 51. Rd8 Be7 1/2-1/2

[Event "IX American Continental Classical Championship 201"]
[Site "Hotel Pipa AtlÃ¢ntico - Praia da Pipa - Rio Grande"]
[Date "2014.10.23"]
[Round "8"]
[Board "63"]
[White "Hurtado Bahamonde, Rodrigo"]
[Black "Prado Filho, Ricardo De Almeid"]
[Result "1-0"]
[WhiteElo "2040"]
[BlackElo "1893"]
[PlyCount "49"]
[EventDate "2014.10.18"]
[EventRounds "11"]
[EventCountry "BRA"]

1. e4 c5 2. Nf3 Nc6 3. d4 cxd4 4. Nxd4 e5 5. Nb5 a6 6. Nd6+ Bxd6 7. Qxd6 Qe7 8.
Qd1 Nf6 9. Nc3 h6 10. Be3 Qb4 11. a3 Qa5 12. f3 b5 13. b4 Qc7 14. Bc5 Bb7 15.
Bxb5 O-O-O 16. Bd6 Qb6 17. Bc5 Qc7 18. Bd6 Qb6 19. Na4 Qe3+ 20. Qe2 Qxe2+ 21.
Bxe2 Rdg8 22. Bc4 Nd4 23. O-O Ne6 24. Bxe5 d5 25. Nb6+ 1-0

[Event "IX American Continental Classical Championship 201"]
[Site "Hotel Pipa AtlÃ¢ntico - Praia da Pipa - Rio Grande"]
[Date "2014.10.23"]
[Round "8"]
[Board "64"]
[White "Cortes Arias, Mariela"]
[Black "Xavier, Lucca Lucas"]
[Result "0-1"]
[WhiteElo "1858"]
[BlackElo "2039"]
[PlyCount "56"]
[EventDate "2014.10.18"]
[EventRounds "11"]
[EventCountry "BRA"]

1. d4 Nf6 2. c4 e6 3. Nc3 d5 4. cxd5 exd5 5. Bg5 c6 6. e3 h6 7. Bh4 Bd6 8. Bd3
O-O 9. Nge2 Re8 10. Qc2 a6 11. O-O Bxh2+ 12. Kh1 Bd6 13. Rac1 Be6 14. f3 c5 15.
e4 c4 16. Bxc4 dxc4 17. e5 Be7 18. exf6 Bxf6 19. Bf2 Nc6 20. a3 Bh4 21. d5 Bxf2
22. Rxf2 Bxd5 23. Nxd5 Qxd5 24. Qxc4 Qd2 25. Qc2 Rad8 26. Nc3 Re1+ 27. Rxe1
Qxe1+ 28. Kh2 Nd4 0-1

[Event "IX American Continental Classical Championship 201"]
[Site "Hotel Pipa AtlÃ¢ntico - Praia da Pipa - Rio Grande"]
[Date "2014.10.23"]
[Round "8"]
[Board "65"]
[White "Lunelli, Neuri Antonio"]
[Black "Pinheiro, Davi Sales"]
[Result "0-1"]
[WhiteElo "1887"]
[BlackElo "2022"]
[PlyCount "140"]
[EventDate "2014.10.18"]
[EventRounds "11"]
[EventCountry "BRA"]

1. d4 Nf6 2. e3 d5 3. Bd3 g6 4. Nd2 Bg7 5. c3 Nbd7 6. f4 c5 7. Ngf3 b6 8. Ne5
Bb7 9. Qf3 e6 10. O-O O-O 11. g4 a6 12. Rf2 Ne8 13. Qh3 Nd6 14. Qg2 Nf6 15. Qh1
Nfe4 16. Rg2 Rc8 17. h4 f6 18. Nef3 h6 19. Nf1 Qe8 20. g5 fxg5 21. hxg5 h5 22.
Qh3 b5 23. Ne5 a5 24. a3 Nc4 25. Nd2 Bxe5 26. Nxe4 dxe4 27. Bxc4 bxc4 28. fxe5
Rf5 29. Bd2 Qe7 30. Qh4 Rcf8 31. Re1 Qf7 32. Ree2 cxd4 33. cxd4 Rf1+ 34. Kh2
Rf3 35. Be1 c3 36. bxc3 Ba6 37. Ref2 Bf1 38. Rxf3 Qxf3 39. Rf2 Qxe3 40. Rxf8+
Kxf8 41. Qf2+ Qxf2+ 42. Bxf2 Ke7 43. Kg3 Kd7 44. Kf4 Kc6 45. Kxe4 Kb5 46. Be1
Kc4 47. Ke3 a4 48. Kd2 Bg2 49. Kc2 Be4+ 50. Kb2 Kd3 51. Bf2 Bd5 52. Be1 Ke2 53.
Bh4 Bc4 54. Kc1 Kf3 55. Kd2 Kg4 56. Bf2 Kxg5 57. Ke3 Kg4 58. Ke4 h4 59. Be3 g5
60. Bg1 Kg3 61. Be3 Bd5+ 62. Kd3 h3 63. c4 Bf3 64. d5 exd5 65. c5 h2 66. e6
h1=Q 67. e7 Qd1+ 68. Kc3 Bh5 69. Bxg5 Qb3+ 70. Kd4 Qc4+ 0-1